Stardew Valley Standard Bundles - Statistics

General Stats
  • This quiz has been taken 67 times
  • The average score is 18 of 31
Answer Stats
Hint Answer % Correct
Pantry Summer Crops Bundle
88%
Pantry Fall Crops Bundle
85%
Fish Tank Lake Fish Bundle
85%
Pantry Spring Crops Bundle
85%
Fish Tank Ocean Fish Bundle
83%
Fish Tank River Fish Bundle
81%
Crafts Room Fall Foraging Bundle
77%
Crafts Room Spring Foraging Bundle
77%
Crafts Room Summer Foraging Bundle
77%
Crafts Room Winter Foraging Bundle
77%
Pantry Animal Bundle
75%
Pantry Quality Crops Bundle
75%
Pantry Artisan Bundle
67%
Bulletin Board Dye Bundle
60%
Fish Tank Crab Pot Bundle
58%
Fish Tank Night Fishing Bundle
56%
Vault 10000G Bundle
52%
Vault 25000G Bundle
52%
Vault 2500G Bundle
52%
Vault 5000G Bundle
50%
Crafts Room Exotic Foraging Bundle
48%
Bulletin Board Chef’s Bundle
46%
Crafts Room Construction Bundle
46%
Fish Tank Specialty Fish Bundle
44%
Bulletin Board Fodder Bundle
42%
Boiler Room Blacksmith’s Bundle
40%
Boiler Room Geologist’s Bundle
33%
Post-Completion Missing Bundle
31%
Boiler Room Adventurer’s Bundle
29%
Bulletin Board Field Research Bundle
29%
Bulletin Board Enchanter’s Bundle
25%
No matching quizzes found
Score Distribution
Percent of People with Each Score
Percentile by Number Answered
Your Score History
You have not taken this quiz